Top 10 Fresh Egg Exporting Countries - Statistics

General Stats
  • This quiz has been taken 36 times
  • The average score is 8 of 10
Answer Stats
Rank USD Country % Correct
7 $ 91.2 mil United States
100%
5 $ 112.8 mil China
97%
4 $ 162 mil Germany
94%
10 $ 48 mil Spain
85%
3 $ 317 mil Poland
82%
2 $ 326.4 mil Turkey
79%
9 $ 68.6 mil Ukraine
71%
8 $ 70.6 mil Belgium
62%
1 $ 483.7 mil Netherlands
62%
6 $ 108.3 mil Malaysia
26%
No matching quizzes found
Score Distribution
Percent of People with Each Score
Percentile by Number Answered
Your Score History
You have not taken this quiz